| 000 | 00624nam a2200217Ia 4500 | ||
|---|---|---|---|
| 001 | 2188 | ||
| 005 | 20240113233532.0 | ||
| 007 | ta | ||
| 008 | 050221s1956 a g b000 u eng u | ||
| 040 | _aRef.Stack | ||
| 041 | _aeng | ||
| 082 |
_a370 _bUGC |
||
| 110 | _aUniversity Grants Commission . | ||
| 245 | 0 |
_aUniversity Grants Commission : Report for the year 1984 - 85 / _cUniversity Grants Commission. _hReports |
|
| 260 |
_aNew Delhi : _bGovt. of India , _c1956. |
||
| 300 |
_a109p. : _bill ; _c23cm. . |
||
| 653 | _aReport - University Grants Commission | ||
| 942 |
_2ddc _cBK |
||
| 999 |
_c2181 _d2181 |
||